Richten und Schlichten : Formen, Normen und Werte der altägyptischen Rechtskultur /

محفوظ في:

المؤلف الرئيسي: Jin, Shoufu (مؤلف)

التنسيق: كتاب

اللغة: German

منشور في: Konstanz : UVK Verlagsgellschaft, [2014].

سلاسل: Xenia (Konstanz, Germany), 50.

الموضوعات:

الوسوم: إضافة وسم

لا توجد وسوم, كن أول من يضع وسما على هذه التسجيلة!

رقم الطلب: KL2806.5 .J56 2014

LEADER 01250nam a22002657a 4500
003 OSt
005 20250827115711.0
008 270303t20142014gw g b 000 0 ger d
020 |a 9783867644587 
040 |c ARCE Library 
050 1 4 |a KL2806.5   |b .J56 2014 
100 1 |a Jin, Shoufu,   |e author  |9 33271 
245 1 0 |a Richten und Schlichten :   |b Formen, Normen und Werte der altägyptischen Rechtskultur /   |c Shoufu Jin. 
264 1 |a Konstanz :   |b UVK Verlagsgellschaft,   |c [2014]. 
264 4 |c ©2014. 
300 |a 332 pages ;   |c 24 cm.  
490 1 |a Xenia (Konstanz, Germany),   |x 0396-8669 ;   |v 50. 
500 |a Originally submitted in 2000 as the author's dissertation, titled "Die Tugenden des Richters im Alten Ägypten" -- philosophischen Fakultät der Universität Heidelberg. 
504 |a Includes bibliographical reference. 
505 0 |a Der Richter als Beauftragter des Königs -- Der Richter und das Gericht -- Der Richter und die Gesetze -- Der Gerechtigkeit des Richters -- Der Richter als Hörer -- Der Richter als Schlichter -- Der Richter als Retter -- Der Richter als Ordnungshüter. 
650 0 |a Egyptian law. 
830 0 |a Xenia (Konstanz, Germany),   |x 0396-8669 ;   |v 50. 
901 |a reviewed 
942 |c BK  |2 lcc 
999 |c 23656  |d 23656